Online Catalogue and eLibrary

Freedom from violence : (Record no. 3047)

MARC details
000 -LEADER
fixed length control field 00500nam a2200193Ia 4500
005 - DATE AND TIME OF LATEST TRANSACTION
control field 20240606060303.0
008 - FIXED-LENGTH DATA ELEMENTS--GENERAL INFORMATION
fixed length control field 240331s9999 xx 000 0 und d
082 ## - DDC Classification
Item Number - Author Mark FRE
Class No. 362
100 ## - MAIN ENTRY--PERSONAL NAME
Personal name Schuler, M. ed
245 #0 - TITLE STATEMENT
Title Freedom from violence :
Remainder of title women's strategies from around the world
260 ## - PUBLICATION, DISTRIBUTION, ETC.
Place of publication, distribution, etc. New York
Name of publisher, distributor, etc. UNIFEM
Date of publication, distribution, etc. 1992
300 ## - PHYSICAL DESCRIPTION
Extent (e.g. Volumes, Pages etc.) xv,354 p.,
650 ## - SUBJECT ADDED ENTRY--TOPICAL TERM
Topical term or geographic name entry element Women
650 ## - SUBJECT ADDED ENTRY--TOPICAL TERM
Topical term or geographic name entry element Gender Based Violence
650 ## - SUBJECT ADDED ENTRY--TOPICAL TERM
Topical term or geographic name entry element Law
650 ## - SUBJECT ADDED ENTRY--TOPICAL TERM
Topical term or geographic name entry element Human Rights
700 ## - ADDED ENTRY--PERSONAL NAME
Personal name Schuler, M. ed
942 ## - Koha item type (Biblio)
Koha item type Books in Stacks (Lending)
Holdings
Lost status Damaged status Collection code Home library Current library Shelving location Date acquired Full call number Accession Number Item type
    Lending WERC Library WERC Library Social Science Cupboard 03/31/2024 362.8 FRE 6282 Books in Stacks (Lending)

© WERC Library